| 000 | 00965cam a22002414a 4500 | ||
|---|---|---|---|
| 001 | 13067887 | ||
| 005 | 20251110194345.0 | ||
| 008 | 030124s2003 njua 000 0 eng | ||
| 020 | _a0130986690 | ||
| 020 | _a9780130986696 | ||
| 050 | 0 | 0 |
_aTK454 _b.B768 2003 |
| 082 | 0 | 0 |
_a621.319/2 _222 |
| 100 | 1 | _aBuchla, David M. | |
| 245 | 1 | 0 |
_aExperiments in basic circuits : _btheory and application / _cDavid Buchla. |
| 250 | _a5th ed. | ||
| 260 |
_aUpper Saddle River, N.J. : _bPrentice Hall, _cc2003. |
||
| 300 |
_avii, 328 p. : _bill. ; _c28 cm. + _e1 CD-ROM (4 3/4 in.) |
||
| 500 | _a"To accompany Floyd, Principles of electric circuits conventional current version, seventh edition and electron flow version, sixth edition." | ||
| 650 | 0 | _aElectric circuits. | |
| 700 | 1 |
_aFloyd, Thomas L. _tPrinciples of electric circuits. _s7th ed. |
|
| 700 | 1 |
_aFloyd, Thomas L. _tPrinciples of electric circuits, electron flow version. _s6th ed. |
|
| 942 |
_2lcc _cBK _e5th ed. _n0 |
||
| 999 |
_c8203 _d8203 |
||